| 000 | 00000nam 2200000zi 4500 |
| 001 | 9.925815 |
| 003 | CaOODSP |
| 005 | 20240228150755 |
| 006 | m o d f |
| 007 | cr cn||||||||| |
| 008 | 230802e202306##quc o f000 0 fre d |
| 020 | |a9780660497792 |
| 040 | |aCaOODSP|bfre|erda|cCaOODSP |
| 043 | |an-cn--- |
| 086 | 1 |aEm16-26/2023F-PDF |
| 245 | 00|aNormes d'interface de données du Système du programme canadien pour l'épargne-invalidité. |
| 264 | 1|a[Gatineau, Québec] : |bEmploi et développement social Canada = Employment and Social Development Canada, |cjuin 2023. |
| 264 | 4|c©2023 |
| 300 | |a1 ressource en ligne (viii, 162 pages) |
| 336 | |atexte|btxt|2rdacontent/fre |
| 337 | |ainformatique|bc|2rdamedia/fre |
| 338 | |aressource en ligne|bcr|2rdacarrier/fre |
| 500 | |aTitre de la couverture. |
| 500 | |aPublié aussi en anglais sous le titre : Canada Disability Savings Program System: interface transaction standards. |
| 500 | |a« Numéro de la version : 3.3. » |
| 610 | 26|aSystème du programme canadien pour l’épargne-invalidité. |
| 650 | 6|aTransferts électroniques de fonds|xNormes|zCanada. |
| 710 | 1 |aCanada. |bEmploi et développement social Canada, |eorganisme de publication. |
| 775 | 08|tCanada Disability Savings Program system : |w(CaOODSP)9.925812 |
| 795 | |tNormes d'interface de données du système du programme canadien pour l'épargne-invalidité.|w(CaOODSP)9.911087 |
| 856 | 40|qPDF|s1.52 Mo|uhttps://publications.gc.ca/collections/collection_2024/edsc-esdc/Em16-26-2023-fra.pdf |
| 856 | 4 |qHTML|sS.O.|uhttps://www.canada.ca/fr/emploi-developpement-social/programmes/invalidite/epargne/emetteurs/normes-interface.html |